The reign of al-Mutawakkil/ (Record no. 17520)

MARC details
000 -LEADER
fixed length control field 00982cam a2200313 4500
001 - CONTROL NUMBER
control field 4095143
003 - CONTROL NUMBER IDENTIFIER
control field BDDh-ASL
005 - DATE AND TIME OF LATEST TRANSACTION
control field 20231015025546.0
008 - FIXED-LENGTH DATA ELEMENTS--GENERAL INFORMATION
fixed length control field 161212s1969 pk b 001 0 eng |
010 ## - LIBRARY OF CONGRESS CONTROL NUMBER
LC control number 73930833
040 ## - CATALOGING SOURCE
Original cataloging agency DLC
Transcribing agency BDDh-ASL
Modifying agency BDDh-ASL
043 ## - GEOGRAPHIC AREA CODE
Geographic area code a------
050 00 - LIBRARY OF CONGRESS CALL NUMBER
Classification number DS76.4
Item number .M5
082 ## - DEWEY DECIMAL CLASSIFICATION NUMBER
Classification number 953
Item number MIR
100 1# - MAIN ENTRY--PERSONAL NAME
Personal name Miah, M. Shamsuddin
9 (RLIN) 114
245 14 - TITLE STATEMENT
Title The reign of al-Mutawakkil/
Statement of responsibility, etc. by M. Shamsuddin Miah.
260 ## - PUBLICATION, DISTRIBUTION, ETC.
Place of publication, distribution, etc. Dacca:
Name of publisher, distributor, etc. Asiatic Society of Pakistan,
Date of publication, distribution, etc. 1969.
300 ## - PHYSICAL DESCRIPTION
Extent xv, 381 p. :
Dimensions 25 cm.
350 ## - PRICE (NR) (BK AM CF MU VM SE) [OBSOLETE]
Price 25.00
410 20 - SERIES STATEMENT/ADDED ENTRY--CORPORATE NAME [OBSOLETE, CAN/MARC], [LOCAL, USA]
Corporate name or jurisdiction name as entry element Asiatic Society of Pakistan.
Title of a work Publication
440 ## - SERIES STATEMENT/ADDED ENTRY--TITLE
Title Asiatic Society of Pakistan publication;
9 (RLIN) 225
Volume/sequential designation no. 27
500 ## - GENERAL NOTE
General note Includes index.
502 ## - DISSERTATION NOTE
Dissertation note Thesis--University of London.
504 ## - BIBLIOGRAPHY, ETC. NOTE
Bibliography, etc. note Bibliography: p. [331]-360.
600 00 - SUBJECT ADDED ENTRY--PERSONAL NAME
Personal name Mutawakkil,
Titles and other words associated with a name caliph,
Dates associated with a name 821-861.
9 (RLIN) 115
651 #0 - SUBJECT ADDED ENTRY--GEOGRAPHIC NAME
Geographic name Iraq
General subdivision History
Chronological subdivision 634-1534.
9 (RLIN) 116
906 ## - LOCAL DATA ELEMENT F, LDF (RLIN)
a 7
b cbc
c orignew
d 4
e ncip
f 19
g y-gencatlg
942 ## - ADDED ENTRY ELEMENTS (KOHA)
Source of classification or shelving scheme Dewey Decimal Classification
Koha item type Books
Holdings
Withdrawn status Lost status Source of classification or shelving scheme Damaged status Not for loan Collection code Home library Current library Shelving location Date acquired Source of acquisition Serial Enumeration / chronology Total Checkouts Full call number Barcode Date last seen Copy number Price effective from Koha item type Public note
    Dewey Decimal Classification   Not For Loan Non-fiction Asiatic Society Library Asiatic Society Library General Stacks 12/12/2016 ASB Publications ASP-027   953 MIR 100136 12/12/2016 C-1 12/12/2016 Books RARE
    Dewey Decimal Classification   Not For Loan Non-fiction Asiatic Society Library Asiatic Society Library General Stacks 12/12/2016 ASB Publications ASP-027   953 MIR 100137 12/12/2016 C-2 12/12/2016 Books RARE
    Dewey Decimal Classification   Not For Loan Non-fiction Asiatic Society Library Asiatic Society Library General Stacks 12/12/2016 ASB Publications ASP-027   953 MIR 100138 12/12/2016 C-3 12/12/2016 Books RARE
    Dewey Decimal Classification   Not For Loan Non-fiction Asiatic Society Library Asiatic Society Library General Stacks 12/12/2016 ASB Publications ASP-027   953 MIR 100139 12/12/2016 C-4 12/12/2016 Books RARE
    Dewey Decimal Classification   Not For Loan Non-fiction Asiatic Society Library Asiatic Society Library General Stacks 12/12/2016 ASB Publications ASP-027   953 MIR 100140 12/12/2016 C-5 12/12/2016 Books RARE
    Dewey Decimal Classification     Non-fiction Asiatic Society Library Asiatic Society Library General Stacks 02/10/2021 ASB Publications ASP-027   953 MIR 105628 02/10/2021 C-6 02/10/2021 Books RARE
    Dewey Decimal Classification     Non-fiction Asiatic Society Library Asiatic Society Library General Stacks 02/10/2021 ASB Publications ASP-027   953 MIR 105629 02/10/2021 C-7 02/10/2021 Books RARE
    Dewey Decimal Classification     Non-fiction Asiatic Society Library Asiatic Society Library General Stacks 02/10/2021 ASB Publications ASP-027   953 MIR 105630 02/10/2021 C-8 02/10/2021 Books RARE
    Dewey Decimal Classification     Non-fiction Asiatic Society Library Asiatic Society Library General Stacks 02/10/2021 ASB Publications ASP-027   953 MIR 105631 02/10/2021 C-9 02/10/2021 Books RARE
    Dewey Decimal Classification     Non-fiction Asiatic Society Library Asiatic Society Library General Stacks 02/10/2021 ASB Publications ASP-027   953 MIR 105632 02/10/2021 C-10 02/10/2021 Books RARE
    Dewey Decimal Classification     Non-fiction Asiatic Society Library Asiatic Society Library General Stacks 02/10/2021 ASB Publications ASP-027   953 MIR 105633 02/10/2021 C-11 02/10/2021 Books RARE

Powered by Koha